Ligne 51 Lille - Statistiques

Statistiques générales
  • Ce quiz a été pris 13 fois
  • Le résultat moyen est 8 sur 17
Statistiques - réponses
Lignes Arrêts % Correct
16,50,51,86,88,L90,L91,L91E,BRT,TWR,TWT,REM2,M2,N1,SNCF (uniquement vers Gare Lille Flandres) Gare Lille Europe
100%
9,10,14,16,50,51,86,88,L90,L91,L91E,BRT,TWR,TWT,REM2,M2,REM1,M1,SNCF,N1 Gare Lille Flandres
100%
9,10,14,50,51,86,88,L90,L91 Lycée Louis Pasteur
60%
10,51 Canon d'Or
50%
10,51,CO3,923,924 Lambersart Bourg
50%
10,51,923,924 Liberté
50%
10,51 Pont Royal
50%
51 Rue de Lille
50%
51 Lambersart Conquérants
40%
51,923,CO3 Saut du Loup
40%
51 Cimetière Nord
30%
51 Guynemer
30%
51,CO3 Lemire
30%
51 Mont Garin
30%
51,924 Verlinghem Mairie
30%
51,76 Ingénieur Bertin
20%
51 Saint Clément
20%
Aucun quiz correspondant
Distribution des résultats
% des personnes avec chaque résultat
Percentile par nombre de réponses
Votre historique - résultats
Vous n’avez pas pris ce quiz